Materials of Interior Designing (Record no. 13031)

000 -LEADER
fixed length control field 00746 a2200229 4500
003 - CONTROL NUMBER IDENTIFIER
control field OSt
005 - DATE AND TIME OF LATEST TRANSACTION
control field 20250206172848.0
008 - FIXED-LENGTH DATA ELEMENTS--GENERAL INFORMATION
fixed length control field 250206b ||||| |||| 00| 0 eng d
020 ## - INTERNATIONAL STANDARD BOOK NUMBER
International Standard Book Number 978-93-5813-651-7
Qualifying information v1
020 ## - INTERNATIONAL STANDARD BOOK NUMBER
International Standard Book Number 978-93-5786-491-6
Qualifying information v2
020 ## - INTERNATIONAL STANDARD BOOK NUMBER
International Standard Book Number 978-93-5701-325-3
Qualifying information v3
020 ## - INTERNATIONAL STANDARD BOOK NUMBER
International Standard Book Number 978-93-5912-792-7
Qualifying information v4
020 ## - INTERNATIONAL STANDARD BOOK NUMBER
International Standard Book Number 978-93-5914-852-6
Qualifying information v5
040 ## - CATALOGING SOURCE
Original cataloging agency BMSCA
Transcribing agency BMSCA
082 ## - DEWEY DECIMAL CLASSIFICATION NUMBER
Classification number 747
Item number MAL
100 ## - MAIN ENTRY--PERSONAL NAME
Personal name Malpani, Harish H
245 ## - TITLE STATEMENT
Title Materials of Interior Designing
260 ## - PUBLICATION, DISTRIBUTION, ETC. (IMPRINT)
Place of publication, distribution, etc New Delhi
Name of publisher, distributor, etc Council of Architecture (CoA)
Date of publication, distribution, etc 2024
300 ## - PHYSICAL DESCRIPTION
Extent v.5;153 pages;
Dimensions 21 x 30 cm
500 ## - GENERAL NOTE
General note Contents: v.1. Trees & Timber--- v.2. Decorative Wood Veneer v.3. Plywoods--- v.4. Decorative Laminates --- v.5. Glass
942 ## - ADDED ENTRY ELEMENTS (KOHA)
Source of classification or shelving scheme
Item type UG Books
Holdings
Withdrawn status Lost status Source of classification or shelving scheme Damaged status Koha normalized classification for sorting Not for loan Collection code Permanent location Current location Date acquired Source of acquisition Cost, normal purchase price Full call number Barcode Date last seen Cost, replacement price Price effective from Koha item type
        747_000000000000000_MAL Not For Loan COA Books BMS College of Architecture, Design and Planning BMS College of Architecture, Design and Planning 2025-02-06 8 359.88 747 MAL AR-UG4735 2025-02-06 599.80 2025-02-06 UG Books
        747_000000000000000_MAL   COA Books BMS College of Architecture, Design and Planning BMS College of Architecture, Design and Planning 2025-02-06 8 359.88 747 MAL AR-UG4736 2025-02-06 599.80 2025-02-06 UG Books
        747_000000000000000_MAL Not For Loan COA Books BMS College of Architecture, Design and Planning BMS College of Architecture, Design and Planning 2025-02-06 8 359.88 747 MAL AR-UG4737 2025-02-06 599.80 2025-02-06 UG Books
        747_000000000000000_MAL   COA Books BMS College of Architecture, Design and Planning BMS College of Architecture, Design and Planning 2025-02-06 8 359.88 747 MAL AR-UG4738 2025-02-06 599.80 2025-02-06 UG Books
        747_000000000000000_MAL Not For Loan COA Books BMS College of Architecture, Design and Planning BMS College of Architecture, Design and Planning 2025-02-06 8 359.88 747 MAL AR-UG4739 2025-02-06 599.80 2025-02-06 UG Books
        747_000000000000000_MAL   COA Books BMS College of Architecture, Design and Planning BMS College of Architecture, Design and Planning 2025-02-06 8 359.88 747 MAL AR-UG4740 2025-02-06 599.80 2025-02-06 UG Books
        747_000000000000000_MAL Not For Loan COA Books BMS College of Architecture, Design and Planning BMS College of Architecture, Design and Planning 2025-02-06 8 359.88 747 MAL AR-UG4741 2025-02-06 599.80 2025-02-06 UG Books
        747_000000000000000_MAL   COA Books BMS College of Architecture, Design and Planning BMS College of Architecture, Design and Planning 2025-02-06 8 359.88 747 MAL AR-UG4742 2025-02-06 599.80 2025-02-06 UG Books
        747_000000000000000_MAL Not For Loan COA Books BMS College of Architecture, Design and Planning BMS College of Architecture, Design and Planning 2025-02-06 8 359.88 747 MAL AR-UG4743 2025-02-06 599.80 2025-02-06 UG Books
        747_000000000000000_MAL   COA Books BMS College of Architecture, Design and Planning BMS College of Architecture, Design and Planning 2025-02-06 8 359.88 747 MAL AR-UG4744 2025-02-06 599.80 2025-02-06 UG Books
Copyright © 2025, The Librarian, Library and Information Centre, BMSCA D&P, Bengaluru. All Rights Reserved
web counter

Powered by Koha